Normal view
MARC view
- Karl Marx & Friedrich Engels
Entry Personal Name
001 - CONTROL NUMBER
- control field: 127809
003 - CONTROL NUMBER IDENTIFIER
- control field: NUST
005 - DATE AND TIME OF LATEST TRANSACTION
- control field: 20250211101806.0
008 - FIXED-LENGTH DATA ELEMENTS
- fixed length control field: 250211|| aca||aabn | a|a d
040 ## - CATALOGING SOURCE
- Original cataloging agency: NUST
- Transcribing agency: NUST
100 ## - HEADING--PERSONAL NAME
- Personal name: Karl Marx & Friedrich Engels
670 ## - SOURCE DATA FOUND
- Source citation: Work cat.: (NUST): Karl Marx & Friedrich Engels, The Communist Manifesto, 2016
